Statistiques concernant les 15 villes les plus habitées de France

Cliquez ici pour prendre le quiz!

Statistiques générales

  • Ce quiz a été pris 141 fois
  • Le résultat moyen est 12 sur 15

Statistiques - réponses

Entrez une ville iciNombre d'habitants% Correct
Marseille852 516 habitants
100%
Paris2 240 621 habitants
100%
Lyon496 343 habitants
99%
Toulouse453 317 habitants
95%
Lille228 652 habitants
94%
Bordeaux241 287 habitants
93%
Nice343 629 habitants
93%
Nantes291 604 habitants
92%
Strasbourg274 394 habitants
87%
Rennes209 860 habitants
86%
Montpellier268 456 habitants
79%
Reims181 893 habitants
57%
Toulon164 899 habitants
57%
Saint-Étienne171 483 habitants
54%
Le Havre173 142 habitants
49%

Distribution des résultats

Percentile par nombre de réponses

% des personnes avec chaque résultat

Votre développement - résultats

Vous n’avez pas pris ce quiz